Statistiques concernant Pays les plus proches de la Guinée-Bissau

Cliquez ici pour prendre le quiz!

Statistiques générales

  • Ce quiz a été pris 76 fois
  • Le résultat moyen est 17 sur 20

Statistiques - réponses

kmpays% Correct
1657Algérie
100%
0Guinée
100%
1668Maroc
100%
0Sénégal
100%
900Burkina Faso
95%
208Mali
95%
61Gambie
94%
1511Niger
94%
249Sierra Leone
94%
1479Togo
94%
758Cabo Verde
91%
637Côte d'Ivoire
91%
280Mauritanie
91%
1832Nigeria
91%
1586Bénin
89%
1188Ghana
89%
519Liberia
88%
1674Espagne
56%
2225Portugal
52%
921Sahara occidental
30%

Distribution des résultats

Percentile par nombre de réponses

% des personnes avec chaque résultat

Votre développement - résultats

Vous n’avez pas pris ce quiz